| 000 | 00381nam a2200157Ia 4500 | ||
|---|---|---|---|
| 008 | 160316s1968 xxu||||| |||| 00| 0 eng d | ||
| 082 |
_a346.010720 _bSUB |
||
| 100 | _aSubrahmanyam E S | ||
| 245 | _aLaw of minors | ||
| 250 | _a | ||
| 260 |
_aAllahabad _bLaw Book Co. _c1968 |
||
| 300 |
_a197p _b _cxiii |
||
| 365 | _bRs.10/- | ||
| 650 | _a1.Laws - Relating to Minor | ||
| 700 |
_a _a |
||
| 999 |
_c6514 _d6514 |
||